Major Residential Areas of Gibraltar Quiz - Statistics

General Stats
  • This quiz has been taken 12 times
  • The average score is 4 of 7
Answer Stats
Major Residential Area % Correct
Eastside
100%
Sandpits Area
57%
South District
57%
Town Area
57%
Upper Town
57%
North District
43%
Reclamation Areas
29%
No matching quizzes found
Score Distribution
Percent of People with Each Score
Percentile by Number Answered
Your Score History
You have not taken this quiz